[Event "4th FIDE GP w"]
[Site "Jermuk ARM"]
[Date "2010.07.04"]
[Round "10"]
[White "Cramling,P"]
[Black "Kovanova,B"]
[Result "1-0"]
[WhiteElo "2536"]
[BlackElo "2366"]
[EventDate "2010.06.24"]

1. Nf3 Nf6 2. c4 e6 3. g3 b6 4. Bg2 Bb7 5. O-O Be7 6. b3 O-O 7. Bb2 c5 8.
e3 d5 9. Qe2 Nc6 10. Rd1 dxc4 11. bxc4 Qc7 12. Nc3 Rac8 13. d3 Rfd8 14.
Rab1 Rd7 15. Ne1 Nb4 16. Bxb7 Qxb7 17. f4 a6 18. a3 Nc6 19. Ba1 Qb8 20. Nf3
Rb7 21. a4 Rd8 22. Rd2 Ne8 23. d4 cxd4 24. exd4 Nf6 25. Kg2 Rbd7 26. Rbd1
Bb4 27. h3 Qb7 28. d5 exd5 29. Nxd5 Nxd5 30. Rxd5 Bf8 31. Ng5 h6 32. Qd3
hxg5 33. Rxd7 Rxd7 34. Qxd7 Qa8 35. Qd5 gxf4 36. Rf1 Qe8 37. Rxf4 Ne7 38.
Qd1 Ng6 39. Rf3 Ne7 40. Kh2 Qc6 41. Rf4 Ng6 42. Rg4 Qc5 43. h4 Qf2+ 44. Kh3
Qf5 45. Kg2 Bc5 46. Qe2 Kh7 47. Bc3 Be7 48. Qe4 Qh5 49. Rf4 Kg8 50. Rf5 Qd1
51. h5 Bc5 52. hxg6 1-0

[Event "4th FIDE GP w"]
[Site "Jermuk ARM"]
[Date "2010.07.05"]
[Round "11"]
[White "Kovanova,B"]
[Black "Mkrtchian,L"]
[Result "1/2-1/2"]
[WhiteElo "2366"]
[BlackElo "2477"]
[EventDate "2010.06.24"]

1. e4 e5 2. Nf3 Nc6 3. d4 exd4 4. Nxd4 Nf6 5. Nc3 Bb4 6. Nxc6 bxc6 7. Bd3
d5 8. exd5 cxd5 9. O-O O-O 10. Bg5 c6 11. Qf3 h6 12. Bxf6 Qxf6 13. Qxf6
gxf6 14. Ne2 Bd6 15. Ng3 Re8 16. Nf5 Bxf5 17. Bxf5 Re7 18. Rfe1 Rae8 19.
Kf1 Rxe1+ 20. Rxe1 Rxe1+ 21. Kxe1 Be5 22. b3 Kf8 23. h3 Ke7 24. Ke2 Kd6 25.
Kd3 a5 26. Bc8 Kc7 27. Bf5 Kd6 28. Bc8 Kc7 29. Bf5 Kd6 30. Bc8 1/2-1/2

[Event "4th FIDE GP w"]
[Site "Jermuk ARM"]
[Date "2010.07.05"]
[Round "11"]
[White "Kosintseva,T"]
[Black "Danielian,E"]
[Result "0-1"]
[WhiteElo "2534"]
[BlackElo "2473"]
[EventDate "2010.06.24"]

1. e4 c6 2. d4 d5 3. e5 Bf5 4. Nf3 e6 5. Be2 c5 6. Be3 cxd4 7. Nxd4 Ne7 8.
Nd2 Nbc6 9. N2f3 Bg4 10. O-O Bxf3 11. Nxf3 Ng6 12. c4 dxc4 13. Bxc4 Qc7 14.
Bb5 Be7 15. Rc1 O-O 16. Bxc6 bxc6 17. Qd4 Rfd8 18. Qc3 Rac8 19. Rfd1 Qb8
20. g3 c5 21. h4 Qb7 22. Rxd8+ Rxd8 23. Nd2 Qd5 24. Nc4 h5 25. Rc2 Qd1+ 26.
Kh2 Rd3 0-1